Entry Personal Name
Number of records used in: 1
001 - CONTROL NUMBER
003 - CONTROL NUMBER IDENTIFIER
005 - DATE AND TIME OF LATEST TRANSACTION
- control field:
20170406105846.0
008 - FIXED-LENGTH DATA ELEMENTS
- fixed length control field:
170406|| aca||aabn | a|a d
040 ## - CATALOGING SOURCE
- Original cataloging agency:
OSt
- Transcribing agency:
OSt
100 ## - HEADING--PERSONAL NAME
- Personal name:
DEVASAHAYAM, H.LEWIN
670 ## - SOURCE DATA FOUND
- Source citation:
Work cat.: (OSt): DEVASAHAYAM, H.LEWIN, PRACTICAL MANUAL OF ENTOMOLOGY (INSECT AND NON-INSECT PESTS), 2011